000 00821nam a2200217 4500
001 143319
003 ES-MaACL
005 20250801090233.0
007 t|
008 070214s1967 sp r ||||1| spa d
080 _a821.134.2-32"19"
100 1 _aSender, Ramón J.,
_d1901-1982
_9105441
245 1 3 _aLa llave y otras narraciones /
_cRamón J. Sender.
260 _aMadrid :
_bMagisterio Español,
_c1967.
300 _a225 p. ;
_c18 cm.
490 1 _aNovelas y cuentos ;
_v14. Literatura española. Narraciones siglo XX
505 8 _aContiene: La hija del doctor Velasco ; La fotografía de aniversario ; El pelagatos y la flor de la nieve ; Mary-Lou
830 1 0 _aNovelas y cuentos
_v14. Literatura española. Narraciones siglo XX
_9179596
852 _aES-MaACL
_jC-34272
999 _c143319
_d143319